000 00558nam a2200169 4500
001 109294
003 ES-MaACL
007 t|
008 061121s1974 sp r ||||1| spa d
100 1 _aMisham, Edward J.
_981650
245 1 0 _aFalacias económicas populares /
_cE. J. Misham; introducción de Kurt Klappholz; traducción... de Leopoldo Pérez Pita.
260 _aBarcelona, etc. :
_bAriel,
_c1974.
300 _a279 p. ;
_c18 cm.
700 1 _aKlappholz, Kurt.
_968177
700 1 _aPérez Pita, Leopoldo.
_991088
852 _aES-MaACL
_jE-7367
_bR.91257
999 _c109294
_d109294